| 000 | nam a22 7a 4500 | ||
|---|---|---|---|
| 999 |
_c7150 _d7150 |
||
| 003 | OSt | ||
| 005 | 20180703133749.0 | ||
| 008 | 180703e201801 spc ||| |||| 000 0 spa|d | ||
| 017 |
_aDL B. 25.217-2017 _bBiblioteca de Catalunya |
||
| 020 | _a9788499426600 | ||
| 040 |
_aES-BaUAB _bcat _cCDMR |
||
| 100 | 1 |
_aLobo, Ramón, _d1955- _eautor |
|
| 245 | 1 | 0 |
_aCuadernos de Kabul _b: historias de mujeres, hombres y niños atrapados en una guerra / _cRamón Lobo |
| 260 |
_aBarcelona : _bPenínsula, _c2018 |
||
| 300 |
_a153 p. ; _c23 cm |
||
| 500 | _aAdaptació de les cròniques publicades en el web del diari El País els mesos d'agost i novembre de 2009 | ||
| 650 | 7 |
_aGuerra d'Afganistan, 2001- _xCobertura periodística _2lemac |
|
| 650 | 0 | 7 |
_aCorresponsals de guerra _zAfganistan _2lemac _92560 |
| 651 | 7 |
_aAfganistan _xHistòria _y2001- _xAspectes socials _2lemac |
|
| 942 | _cMON | ||